000 00738nam a2200229Ii 4500
003 JO-AjNU
008 230605s9999||||xx |||||||||||||| ||und||
017 _a2004/9/2421
020 _a9957-11-580-4
040 _aJO-AjNU
_bara
_erda
_cJO-AjNU
041 _aara
050 1 4 _aHF5625. H36 2009
100 3 _aحنان، رضوان حلوه,
_eauthor
_928437
245 0 0 _aمدخل النظرية المحاسيبة: الإطار الفكري - التطبيقات العملية
250 _aط2
264 3 1 _aعمان: دار وائل، 2009
300 _a446ص
336 _atext
_btxt
_2rdacontent
337 _aunmediated
_bn
_2rdamedia
338 _avolume
_bnc
_2rdacarrier
650 4 _aالمحاسبة المالية
_928438
999 _aA11030
_c14598
_d14598